[Event "Varese Province-ch"]
[Site "Gallarate"]
[Date "2010.01.31"]
[Round "6"]
[White "Bertrecchi, Corrado"]
[Black "Donghi, Fabio"]
[Result "1-0"]
[WhiteElo "1717"]
[BlackElo "1615"]
[PlyCount "29"]
[EventDate "2010.01.23"]
[EventType "swiss"]
[EventRounds "6"]
[EventCountry "ITA"]
[SourceTitle "EXT 2024"]
[Source "ChessBase"]
[SourceDate "2023.10.10"]
[SourceVersion "1"]
[SourceVersionDate "2023.10.10"]
[SourceQuality "1"]

1. d4 Nf6 2. Bf4 e6 3. c3 d5 4. Nd2 b6 5. h3 Bd6 6. Bxd6 Qxd6 7. Ngf3 Nbd7 8. e3 Bb7 9. Bd3 Ne4 10. Qc2 Nxd2 11. Qxd2 Nf6 12. Ne5 Ne4 13. Qe2 f6 14. Qh5+ Kd8 15. Nf7+ 1-0

[Event "Varese Province-ch"]
[Site "Gallarate"]
[Date "2010.01.23"]
[Round "1"]
[White "Bertrecchi, Corrado"]
[Black "Tomassoni, Leonardo"]
[Result "0-1"]
[WhiteElo "1717"]
[BlackElo "1937"]
[PlyCount "68"]
[EventDate "2010.01.23"]
[EventType "swiss"]
[EventRounds "6"]
[EventCountry "ITA"]
[SourceTitle "EXT 2024"]
[Source "ChessBase"]
[SourceDate "2023.10.10"]
[SourceVersion "1"]
[SourceVersionDate "2023.10.10"]
[SourceQuality "1"]

1. d4 Nf6 2. c3 e6 3. Bf4 d5 4. h3 c5 5. e3 a6 6. Nd2 Nc6 7. Ngf3 h6 8. Bd3 g5 9. Bh2 g4 10. hxg4 Nxg4 11. Bg3 Rg8 12. Be2 Nxe3 13. fxe3 Rxg3 14. 0-0 Qc7 15. Qe1 Bd7 16. Ne5 Rxe3 17. Qf2 Nxe5 18. dxe5 Rxe2 19. Qxf7+ Kd8 20. Qxf8+ Be8 21. Qxh6 Qxe5 22. Qh4+ Kc7 23. Qe7+ Kb6 24. Nf3 Qg3 25. Nh4 Bc6 26. b4 Qe3+ 27. Kh1 Rh8 28. bxc5+ Ka7 29. Rf3 Re1+ 30. Rf1 Rxa1 31. Rxa1 Qg3 32. Rf1 Rxh4+ 33. Kg1 Qe3+ 34. Rf2 Rf4 0-1

[Event "VA Province-ch"]
[Site "Gallarate"]
[Date "2007.01.28"]
[Round "6"]
[White "Bertrecchi, Corrado"]
[Black "Novi, Giuseppe"]
[Result "0-1"]
[WhiteElo "1416"]
[BlackElo "1706"]
[PlyCount "86"]
[EventDate "2007.01.20"]
[EventType "swiss"]
[EventRounds "6"]
[EventCountry "ITA"]
[SourceTitle "EXT 2010"]
[Source "ChessBase"]
[SourceDate "2010.11.25"]
[SourceVersion "1"]
[SourceVersionDate "2010.11.25"]
[SourceQuality "1"]

1. d4 Nf6 2. h3 b6 3. Bf4 Bb7 4. Nd2 e6 5. e3 Be7 6. c3 0-0 7. Ngf3 Na6 8. Bd3 c5 9. g4 cxd4 10. exd4 Nc7 11. Qc2 g6 12. Rg1 Ncd5 13. Bh2 Rc8 14. a3 d6 15. g5 Nh5 16. h4 Ndf4 17. Bf1 Qc7 18. Ne4 e5 19. Bxf4 Nxf4 20. Ned2 Bxf3 21. Nxf3 Qc6 22. Qd1 e4 23. Nh2 d5 24. Ng4 f6 25. Nh6+ Kg7 26. Qg4 fxg5 27. hxg5 Qe6 28. Qg3 Nd3+ 29. Bxd3 exd3+ 30. Qe5+ Qxe5+ 31. dxe5 Bxg5 32. Rxg5 Kxh6 33. Rg4 Rce8 34. f4 Kh5 35. Rg5+ Kh4 36. 0-0-0 Rxf4 37. Rgg1 Re7 38. Rxd3 Kh5 39. Rxd5 Re4 40. Rh1+ Kg4 41. Rg1+ Kf5 42. Rf1+ Ke6 43. Rf6+ Kxd5 0-1

[Event "Monza op"]
[Site "Monza"]
[Date "2006.03.26"]
[Round "6"]
[White "Franzini, Stefano"]
[Black "Bertrecchi, Corrado"]
[Result "1-0"]
[WhiteElo "1715"]
[BlackElo "1395"]
[PlyCount "79"]
[EventDate "2006.03.18"]
[EventType "swiss"]
[EventRounds "6"]
[EventCountry "ITA"]
[SourceTitle "EXT 2007"]
[Source "ChessBase"]
[SourceDate "2006.11.23"]
[SourceVersion "1"]
[SourceVersionDate "2006.11.23"]
[SourceQuality "1"]

1. e4 d6 2. d4 Nf6 3. Nc3 e5 4. dxe5 dxe5 5. Qxd8+ Kxd8 6. Bg5 Be7 7. 0-0-0+ Bd7 8. Nf3 Nc6 9. Bc4 Rf8 10. Rd2 h6 11. Bxf6 gxf6 12. Rhd1 Nb8 13. Nh4 Ke8 14. Nd5 Bd8 15. Ne3 c6 16. Nef5 Ba5 17. Nd6+ Ke7 18. Nhf5+ Bxf5 19. Nxf5+ Ke8 20. Rd6 b5 21. Be2 Rg8 22. g3 Rg6 23. Bh5 Bc7 24. Bxg6 Bxd6 25. Nxd6+ Kf8 26. Bxf7 Na6 27. Bh5 Rd8 28. Nf5 Rxd1+ 29. Kxd1 Nc5 30. f3 Na4 31. b3 Nc3+ 32. Kd2 Nxa2 33. Nxh6 a5 34. c3 a4 35. bxa4 bxa4 36. Bf7 Kg7 37. Bxa2 Kxh6 38. Kd3 Kg5 39. h4+ Kg6 40. g4 1-0

[Event "Monza op"]
[Site "Monza"]
[Date "2006.03.19"]
[Round "2"]
[White "Bertrecchi, Corrado"]
[Black "Marrone, Vincenzo"]
[Result "0-1"]
[WhiteElo "1395"]
[BlackElo "1865"]
[PlyCount "48"]
[EventDate "2006.03.18"]
[EventType "swiss"]
[EventRounds "6"]
[EventCountry "ITA"]
[SourceTitle "EXT 2007"]
[Source "ChessBase"]
[SourceDate "2006.11.23"]
[SourceVersion "1"]
[SourceVersionDate "2006.11.23"]
[SourceQuality "1"]

1. d4 d5 2. h3 Nf6 3. Nf3 c6 4. c3 Bf5 5. Nbd2 h6 6. e3 Nbd7 7. Nb3 e6 8. Bd3 Bd6 9. Bxf5 exf5 10. Qd3 Ne4 11. Nbd2 Qe7 12. 0-0 g5 13. Nh2 0-0-0 14. Nxe4 fxe4 15. Qe2 f5 16. g4 f4 17. f3 h5 18. Rf2 hxg4 19. hxg4 Rh3 20. Nf1 Rdh8 21. Nh2 exf3 22. Nxf3 Rh1+ 23. Kg2 Qh7 24. Nxg5 Qh2+ 0-1

[Event "Lombardia-ch"]
[Site "Monza"]
[Date "2005.05.22"]
[Round "6"]
[White "Bertrecchi, Corrado"]
[Black "Merlini, Luigi"]
[Result "0-1"]
[WhiteElo "1425"]
[BlackElo "1456"]
[PlyCount "98"]
[EventDate "2005.05.14"]
[EventType "swiss"]
[EventRounds "6"]
[EventCountry "ITA"]
[SourceTitle "EXT 2007"]
[Source "ChessBase"]
[SourceDate "2006.11.23"]
[SourceVersion "1"]
[SourceVersionDate "2006.11.23"]
[SourceQuality "1"]

1. d4 d5 2. h3 Nc6 3. c3 e5 4. e3 e4 5. g4 Be7 6. Rh2 Bd6 7. Rg2 h6 8. Nd2 Nge7 9. g5 Ng6 10. gxh6 Rxh6 11. a3 Qf6 12. f4 Bxh3 13. Nxh3 Rxh3 14. Rxg6 Qxg6 15. Bxh3 Qg3+ 16. Ke2 Qxh3 17. Qg1 g6 18. Nf1 0-0-0 19. Bd2 Be7 20. Ng3 Bh4 21. Be1 Ne7 22. Kd2 Bxg3 23. Bxg3 Nf5 24. Bf2 Rh8 25. Re1 Nh4 26. Bxh4 Qxh4 27. Re2 Qh3 28. b3 Qf3 29. Rh2 Rh3 30. Rxh3 Qxh3 31. c4 Qe6 32. c5 Qa6 33. Qg4+ f5 34. Qh3 Qf6 35. Kc3 b6 36. b4 Kb7 37. Qh7 Qc6 38. Kb3 bxc5 39. bxc5 Qb5+ 40. Kc3 Qd3+ 41. Kb4 a6 42. a4 Qc4+ 43. Ka3 a5 44. Qxg6 Qb4+ 45. Ka2 Qxa4+ 46. Kb1 Qb3+ 47. Ka1 a4 48. Qxf5 a3 49. c6+ Kb6 0-1

[Event "Lombardia-ch"]
[Site "Monza"]
[Date "2005.05.21"]
[Round "4"]
[White "Bertrecchi, Corrado"]
[Black "Villa, Maurizio"]
[Result "0-1"]
[WhiteElo "1425"]
[BlackElo "1530"]
[PlyCount "80"]
[EventDate "2005.05.14"]
[EventType "swiss"]
[EventRounds "6"]
[EventCountry "ITA"]
[SourceTitle "EXT 2007"]
[Source "ChessBase"]
[SourceDate "2006.11.23"]
[SourceVersion "1"]
[SourceVersionDate "2006.11.23"]
[SourceQuality "1"]

1. d4 d5 2. Nf3 Nf6 3. c3 Bg4 4. Nbd2 e6 5. h3 Bh5 6. g4 Bg6 7. e3 Bd6 8. Bg2 Nbd7 9. Nh4 Bd3 10. g5 Ne4 11. Nxe4 dxe4 12. Qg4 Qe7 13. Bxe4 Bxe4 14. Qxe4 c6 15. Nf3 0-0-0 16. h4 f6 17. Qc2 fxg5 18. Nxg5 h6 19. Ne4 Bc7 20. a4 g5 21. hxg5 hxg5 22. Rg1 Rdg8 23. b4 g4 24. Ba3 Qh4 25. Kd2 g3 26. Rg2 gxf2 27. Rxg8+ Rxg8 28. Rf1 Rg2 29. Kd3 Bg3 30. Nxg3 Qxg3 31. b5 Nb6 32. bxc6 Qg6+ 33. e4 Rg3+ 34. Ke2 Qg4+ 35. Kd2 Nc4+ 36. Kc1 Qf4+ 37. Kb1 Nxa3+ 38. Kb2 Nxc2 39. cxb7+ Kxb7 40. Kxc2 Qxe4+ 0-1

[Event "Lombardia-ch"]
[Site "Monza"]
[Date "2005.05.15"]
[Round "3"]
[White "Manca, Renato"]
[Black "Bertrecchi, Corrado"]
[Result "1-0"]
[WhiteElo "1808"]
[BlackElo "1425"]
[PlyCount "95"]
[EventDate "2005.05.14"]
[EventType "swiss"]
[EventRounds "6"]
[EventCountry "ITA"]
[SourceTitle "EXT 2007"]
[Source "ChessBase"]
[SourceDate "2006.11.23"]
[SourceVersion "1"]
[SourceVersionDate "2006.11.23"]
[SourceQuality "1"]

1. e4 d6 2. d4 Nf6 3. Bc4 c6 4. f3 h6 5. Ne2 g5 6. 0-0 g4 7. Ng3 gxf3 8. Qxf3 Bg4 9. Qb3 Qb6 10. Bxf7+ Kd8 11. Qd3 Nbd7 12. Kh1 Rh7 13. Bb3 e5 14. Be3 Qc7 15. dxe5 Nxe5 16. Qd2 Qg7 17. Qf2 Be7 18. Nd2 Kc7 19. Bxa7 c5 20. Bxc5 dxc5 21. Nc4 Nfd7 22. Ne3 Nf6 23. Ngf5 Bxf5 24. Qxf5 Nfd7 25. Nd5+ Kd8 26. Rad1 Ra6 27. Nxe7 Kxe7 28. Rd5 Rf6 29. Rxe5+ Nxe5 30. Qxe5+ Kd7 31. Rxf6 Kc8 32. Be6+ Kd8 33. Qd6+ Ke8 34. Bf7+ Qxf7 35. Rxf7 Rxf7 36. Kg1 Rd7 37. Qxc5 Rd1+ 38. Kf2 Rd7 39. Qh5+ Rf7+ 40. Ke3 Ke7 41. Qxh6 Ke8 42. Qe6+ Kf8 43. Qxf7+ Kxf7 44. Kf4 Kf6 45. g4 Kg6 46. h4 Kg7 47. e5 Kg6 48. h5+ 1-0

[Event "Cocquio Trevisago op 15th"]
[Site "Cocquio Trevisago"]
[Date "2002.10.20"]
[Round "3"]
[White "Travaini, Gianfranco"]
[Black "Bertrecchi, Corrado"]
[Result "1-0"]
[WhiteElo "1510"]
[BlackElo "1398"]
[PlyCount "63"]
[EventDate "2002.10.19"]
[EventType "swiss"]
[EventRounds "6"]
[EventCountry "ITA"]
[SourceTitle "EXT 2024"]
[Source "ChessBase"]
[SourceDate "2023.10.10"]
[SourceVersion "1"]
[SourceVersionDate "2023.10.10"]
[SourceQuality "1"]

1. e4 e6 2. d4 c5 3. c3 Qh4 4. Nd2 Nh6 5. Ngf3 Qf6 6. Bd3 g6 7. e5 Qg7 8. Ne4 Ng8 9. Bg5 Be7 10. Qd2 Bxg5 11. Qxg5 Nc6 12. Bb5 Nce7 13. 0-0-0 h6 14. Qe3 Nf5 15. Nd6+ Nxd6 16. exd6 cxd4 17. Rxd4 Nf6 18. h3 0-0 19. c4 b6 20. Ne5 Re8 21. g4 Bb7 22. Rg1 Rac8 23. Kb1 a6 24. Ba4 g5 25. f4 Qh7+ 26. Ka1 Ne4 27. Bc2 f5 28. fxg5 Nxg5 29. gxf5 exf5 30. h4 Kh8 31. hxg5 Rg8 32. g6 1-0